1739 1670 1207 1494 1638 1511 1203 1579 1101 1947 1342 1279 1038 1899 1749 1372 1896 1592 1637 1334 1743 1829 1044 1083 1207 1935 1698 1799 1732 1131 1358 1969 1545 1358 1646 1458 1537 1335 1694 1727 1449 1451 1877 1884 1949 1088 1518 1561 1618 1246 1611 1652 1991 1730 1406 1586 1118 1002 1287 1603 1900 1543 1750 1481 1022 1630 1430 1782 1268 1104 1969 1529 1728 1081 1416 1251 1377 1733 1898 1493 1941 1554 1403 1791 1849 1345 1586 1904 1405 1329 1671 1136 1374 1173 1083 1192 1789 1394 1082 BCNSPRNW ULIB Ver.6.0+V

เปลี่ยนเป็นภาษาไทย

Change to English
 แสดงรายละเอียดบรรณานุกรม
  กลับหน้าหลัก

Brief Record : Get Marc (ISO 2709) : E-mail record : QR code < ปิดหน้าต่าง
LEADER : 00000nam 2200000uu 4500
001    13399112209
003     ULIB
008    110801s2554||||th 000 0 tha d
024    9786165010085
090    นว.^bป111ส 2554
100 0  ป.ศิลา
245 00 สะดุดรักที่พักกอง^c ป.ศิลา
260    กรุงเทพฯ:^bPrincess, ^c2554.
300    384 หน้า
945    ^p240^l0^i18463
995    เกษร
999 ^a ใช้งานได้ทุกระบบ
รายการนี้ยังไม่มีแท็ก
คุณยังไม่ได้ล็อกอิน คุณสามารถมีกิจกรรมร่วมกับเว็บไซต์ได้ แต่ต้องล็อกอินก่อน ::
  ล็อกอิน

รายการสื่อสารสนเทศ

ลำดับที่ ประเภท เลขเรียก/บาร์โค้ด สถานที่ สถานะ
1. วิทยาศาสตร์การแพทย์ และสุขภาพ
วิทยาศาสตร์การแพทย์ และสุขภาพ
นว. ป111ส 2554  
  Barcode: 18463
ห้องสมุดวิทยาเขตสวรรค์ประชารักษ์
►นวนิยาย
บนชั้น
  ขอยืม

รายการใกล้เคียง
    ผู้แต่ง [ป.ศิลา]

BibComment


ยังไม่เคยถูกคอมเมนท์

คอมเมนท์ทรัพยากรรายการนี้
  คอมเมนท์: สะดุดรักที่พักกอง..


 Copyright 2026. Bcnsprnw @Library